Central Library OPAC University of Rajshahi

English people in the eighteenth century / (Record no. 55048)

MARC details
000 -LEADER
fixed length control field 00699nam a2200217 a 4500
001 - CONTROL NUMBER
control field 55048
003 - CONTROL NUMBER IDENTIFIER
rucl marc code BD-RJUL
005 - DATE AND TIME OF LATEST TRANSACTION
control field 20211209080216.0
008 - FIXED-LENGTH DATA ELEMENTS--GENERAL INFORMATION
fixed length control field 161113r19691956enk 000 0 eng d
035 ## - SYSTEM CONTROL NUMBER
System control number (BD-RjUL) 55170
040 ## - CATALOGING SOURCE
Original cataloging agency BD-RjUL
Language of cataloging eng
Transcribing agency BD-RjUL
041 ## - LANGUAGE CODE
Language code of text/sound track or separate title eng
082 ## - DEWEY DECIMAL CLASSIFICATION NUMBER
Edition number 23
Classification number 942.07
Author mark and year MAE 1965
100 1# - MAIN ENTRY--PERSONAL NAME
Personal name Marshall, Dorothy.
9 (RLIN) 164101
245 10 - TITLE STATEMENT
Title English people in the eighteenth century /
Statement of responsibility, etc. by Dorothy Marshall
260 ## - PUBLICATION, DISTRIBUTION, ETC. (IMPRINT)
Place of publication, distribution, etc. London :
Name of publisher, distributor, etc. Longmans, Green,
Date of publication, distribution, etc. 1956 [reprint 1965]
300 ## - PHYSICAL DESCRIPTION
Pagination xvi, 288 p. :
Illustrations ill. ;
Size 23 cm.
504 ## - BIBLIOGRAPHY, ETC. NOTE
Bibliography, etc Includes bibliographical references and index.
651 #0 - SUBJECT ADDED ENTRY--GEOGRAPHIC NAME
Geographic name Great Britain
General subdivision Social conditions
Chronological subdivision 18th century
9 (RLIN) 164102
942 ## - ADDED ENTRY ELEMENTS (KOHA)
Source of classification or shelving scheme Dewey Decimal Classification
Koha item type Books
Holdings
Lost status Source of classification or shelving scheme Damaged status Not for loan Collection code Permanent Location Current Location Shelving location Date acquired Source of acquisition Cost, normal purchase price Total Checkouts Full call number Date last seen Copy number Koha item type
  Dewey Decimal Classification     Non-fiction Central Library, University of Rajshahi Central Library, University of Rajshahi   31/12/1968 Zeetlinger 42.00   942.07 MAE 1965 13/11/2016 C-2 Books